Дети войны - дети Победы. Ч. 2 (Запись № 10427174)

Подробности
000 -МАРКЕР
контрольное поле 01263nam2a2200253 4500
001 - ИДЕНТИФИКАТОР ЗАПИСИ
контрольное поле RU\NLR\BIBL_A\010862364
005 - ИДЕНТИФИКАТОР ВЕРСИИ
контрольное поле 20250624193054.0
010 ## - МЕЖДУНАРОДНЫЙ СТАНДАРТНЫЙ НОМЕР КНИГИ (ISBN)
Номер (ISBN) 978-5-903615-52-0
Тираж 500
021 ## - НОМЕР ГОСУДАРСТВЕННОЙ РЕГИСТРАЦИИ
Код страны Российская Федерация
Номер 2015-71362
Номер Листа государственной регистраци 4273
035 ## - ДРУГИЕ СИСТЕМНЫЕ НОМЕРА
Идентификатор записи (NLR Aleph) 010862364
100 ## - ДАННЫЕ ОБЩЕЙ ОБРАБОТКИ
Данные общей обработки 20151015d2015 |||y0rusy50 ca
101 0# - ЯЗЫК РЕСУРСА
Язык текста, звукозаписи и т.д. русский
102 ## - СТРАНА ПУБЛИКАЦИИ ИЛИ ПРОИЗВОДСТВА
Страна публикации Российская Федерация
105 ## - ПОЛЕ КОДИРОВАННЫХ ДАННЫХ: ТЕКСТОВЫЕ МАТЕРИАЛЫ, МОНОГРАФИЧЕСКИЕ
Кодированные данные о монографическом текстовом документе ac||z||||10yy
200 0# - ЗАГЛАВИЕ И СВЕДЕНИЯ ОБ ОТВЕТСТВЕННОСТИ
Основное заглавие Ч. 2
210 ## - ПУБЛИКАЦИЯ, РАСПРОСТРАНЕНИЕ И ДР.
Дата издания, распространения и т.д. 2015
Место издания, распространения и т.д. Б. м.
215 ## - ФИЗИЧЕСКАЯ ХАРАКТЕРИСТИКА
Специфическое обозначение материала и объем 447 с.
Другие сведения о физической характеристике ил., портр.
300 ## - ОБЩИЕ ПРИМЕЧАНИЯ
Текст примечания На тит.л.: Победа! 70 лет
461 #0 - УРОВЕНЬ НАБОРА
Встроенное поле 001RU\NLR\BIBL_A\010981698
-- 2000#$aДети войны - дети Победы$eсборник воспоминаний$fАдминистрация Сергиево-Посад. р-на Моск. обл., Совет ветеранов Сергиево-Посад. р-на Моск. обл.$vЧ. 2
Системный номер (АБИС) связанной записи 10876388
Место публикации Сергиев Посад
Дата публикации 2015
Первые сведения об ответственности Администрация Сергиево-Посад. р-на Моск. обл., Совет ветеранов Сергиево-Посад. р-на Моск. обл.
Имя издателя, распространителя и т.д. Ремарко
Сведения, относящиеся к заглавию сборник воспоминаний
Заглавие Дети войны - дети Победы
Номер тома Ч. 2
942 ## - ДОПОЛНИТЕЛЬНЫЕ ЭЛЕМЕНТЫ ЗАПИСИ (АБИС)
Тип экземпляра АБИС Книга
980 ## - КОЛЛЕКЦИЯ
Название коллекции Национальная библиография
Экземпляры
Тип экземпляра Дата поступления Библиотека постоянного хранения Библиотека текущего хранения Место хранения Шифр хранения Штрих-код Статус экземпляра
Книга 15.10.2015 РНБ (Московский) РНБ (Московский) Русский книжный фонд: издания с 1957 года 2013-5/8714 1-1161246  
Книга 15.10.2015 РНБ (Московский) РНБ (Московский) Русский книжный фонд: издания с 1957 года 2013-5/8714 1-1161859